000
00353nam a2200157Ia 4500
003
0STCL
008
150530s9999 xx 000 0 und d
040
_a
STCL
_c
STCL
100
_a
Alzog,J
245
_a
Manual of universal church history vol.II
260
_c
1890
546
_a
English
942
_2
ddc
_c
BK
999
_c
5294
_d
5294
005
20220125165410.0